| 000 | 00723cam a2200253 a 4500 | ||
|---|---|---|---|
| 008 | |||
| 020 | _a9780071276252 (pbk.) | ||
| 049 | _aMAIN | ||
| 090 |
_aHB139 _bGUJ |
||
| 100 | 1 | _aGujarati, Damodar N. | |
| 245 | 1 | 0 |
_aBasic econometrics / _cDamodar N. Gujarati, Dawn C. Porter. |
| 250 | _a5th ed. | ||
| 260 |
_aNew York : _bMcGraw-Hill Irwin, _cc2009. |
||
| 300 |
_axx, 922 p. : _bill. ; _c26 cm. |
||
| 504 | _aIncludes bibliographical references. | ||
| 500 | _alncludes index. | ||
| 650 | 0 | _aEconometrics. | |
| 700 | 1 | _aPorter, Dawn C. | |
| 907 |
_a.b10339085 _b01-12-16 _c21-01-14 |
||
| 003 | |||
| 005 | 20230120145423.0 | ||
| 040 | _cNUST | ||
| 942 |
_cBOOKS _kHB139 _mGUJ |
||
| 999 |
_c98090 _d98090 |
||